000 00591nam a2200205 i 4500
001 63450
003 ES-MaACL
005 20230906164854.0
007 t|
008 031210s1969 sp ||||1| spa d
100 1 _aFerrer Garriga, Esteban.
_950465
245 1 0 _aPanorama de la psicología actual /
_cE. Ferrer García.
250 _a[1ª ed.].
260 _aBarcelona :
_bBruguera,
_c[1969]
300 _a107 p. ;
_c18 cm.
490 1 _aCuaderns de cultura ;
_v57
830 0 _aCuaderns de cultura ;
_v57
_9230674
852 _aES-MaACL
_jC-51243
_bR.72134
999 _c63450
_d63450